| 000 | 00892nmc a2200301 a 4500 | ||
|---|---|---|---|
| 003 | AR-X00000XY | ||
| 005 | 20251128211910.0 | ||
| 008 | 067020s2000 ||||||||||||||000 | spa|| | ||
| 020 | _a958-20-0519-X | ||
| 040 | _cAR-X00000XY | ||
| 100 | 1 | _aGarcía Rojas, Miguel Arcángel | |
| 245 | 1 | 0 |
_aOrigins _bmyths and legends of Colombia |
| 250 | _a1st ed. | ||
| 260 |
_aBogotá _bCooperativa Editorial Magisterio _c2000 |
||
| 300 | 0 |
_a100 p. _bil. |
|
| 490 | 0 |
_aRainbow Collection _vv. 18 |
|
| 500 | 0 | _aDonación de la Embajada de Colombia en Buenos Aires | |
| 500 | 0 | _aIncluye datos biográficos del autor al final del texto | |
| 504 | _aContiene bibliografía en p. 97-98 | ||
| 650 | 4 | _aLEYENDAS | |
| 650 | 4 | _aMITOLOGIA | |
| 650 | 4 | _aABORIGENES | |
| 651 | 4 | _aColombia | |
| 655 | _aLITERATURA | ||
| 700 | 1 |
_aDurán, Luis Aurelio _eilustrador |
|
| 942 | _cBK | ||
| 998 | _cNancy | ||
| 999 |
_c21535 _d21535 |
||